| 000 | 00840cam a2200265 a 4500 | ||
|---|---|---|---|
| 999 |
_c11845 _d11845 |
||
| 003 | OSt | ||
| 005 | 20230922131435.0 | ||
| 008 | 080423s2008 ii ab 000 0 eng | ||
| 020 | _z9788187780576 | ||
| 020 | _a8187780576 | ||
| 025 | _aI-E-2008-307957; 67-25 | ||
| 037 |
_bLibrary of Congress -- New Delhi Overseas Office _cRs175.00 |
||
| 042 | _alcode | ||
| 043 | _aa-ii--- | ||
| 050 | 0 | 0 |
_aDS486.B418 _bB447 2008 |
| 245 | 0 | 0 |
_aBhopal : _ba Good Earth guide / _c[editor and publisher Swati Mitra]. |
| 260 |
_aNew Delhi : _bEicher Goodearth Ltd., _cc2008. |
||
| 300 |
_a96 p. : _bcol. ill., maps ; _c25 x 13 cm. |
||
| 500 | _a"Sponsored by Madhya Pradesh Tourism." | ||
| 500 | _a2 maps on lining papers. | ||
| 651 | 0 |
_aBhopal (India) _vGuidebooks. |
|
| 700 | 1 | _aMitra, Swati. | |
| 710 | 2 | _aEicher Goodearth Limited. | |
| 942 | _2ddc | ||